Women, autobiography, theory : a reader
Αποθηκεύτηκε σε:
| Άλλοι συγγραφείς: | , |
|---|---|
| Μορφή: | Βιβλίο |
| Γλώσσα: | English |
| Δημοσίευση: |
Madison :
University of Wisconsin Press,
c1998
|
| Σειρά: | Wisconsin studies in American autobiography
|
| Θέματα: | |
| Ετικέτες: |
Προσθήκη ετικέτας
Δεν υπάρχουν, Καταχωρήστε ετικέτα πρώτοι!
|
MARC
| LEADER | 00000cam a2200000 i 4500 | ||
|---|---|---|---|
| 001 | 1/4610 | ||
| 008 | 100218s1998 eng d | ||
| 020 | |a 978-0-299-15844-6 | ||
| 020 | |a 0-299-15844-6 | ||
| 035 | |l 10106846 | ||
| 040 | |a GR-MY-UA |b gre |e aacr | ||
| 041 | 0 | |a eng | |
| 082 | 0 | |a 818.5408 |2 (22) | |
| 245 | 1 | 0 | |a Women, autobiography, theory : |b a reader / |c edited by Sidonie Smith and Julia Watson |
| 260 | |a Madison : |b University of Wisconsin Press, |c c1998 | ||
| 300 | |a xi, 526 σ.; |c 23 εκ. | ||
| 490 | 1 | |a Wisconsin studies in American autobiography | |
| 504 | |a Περιέχει βιβλιογραφικές παραπομπές και ευρετήτιο | ||
| 650 | 0 | 0 | |a American prose literature |y Women authors |x History and criticism |x Theory, etc. |
| 650 | 0 | 0 | |a Women authors, American |x Biography |x History and criticism. |
| 650 | 0 | 0 | |a Women |z United States |x Biography |x History and criticism. |
| 650 | 0 | 0 | |a Women and literature |z United States |x History. |
| 650 | 0 | 0 | |a Autobiography |x Women authors. |
| 700 | 1 | |a Smith, Sidonie. |4 edt | |
| 700 | 1 | |a Watson, Julia, |d 1945- |4 edt | |
| 830 | 0 | |a Wisconsin studies in American autobiography | |
| 852 | |a INST |b LESVOS |e 20100218 |h 818.5408 WOM |p 005100046085 |q 005100046085 |t BK |y 0 | ||
| 901 | |a BIBL1-2010-1 | ||
| 909 | |a Λ |b 162754 | ||
| 970 | |a ΚΑΡΑ |b ΓΙΑΣΕΜΗ |z 2010/02/18 | ||